| 000 | 01169nam a2200337Ii 4500 | ||
|---|---|---|---|
| 001 | DIGOVENEG080 | ||
| 003 | NyNyDIG | ||
| 006 | m o d | ||
| 007 | cr ||||||||||| | ||
| 008 | 140301s2010 ck o 000 0 spa d | ||
| 020 | _z9789580611493 | ||
| 040 |
_aDGITA _beng _epn _cDGITA |
||
| 050 | 1 | 4 | _aPN91 eBook |
| 100 | 1 | _aJara Díaz, Carlos Alberto | |
| 245 | 1 | 3 |
_aLa palabra que humaniza : _bal rescate d ela palabra ; fuente de vida e instrumento de humanización / _cCarlos Alberto Jara Díaz. |
| 250 | _a1a. ed. | ||
| 264 | 1 |
_aBogotá, Colombia : _bEditorial Oveja Negra, _c2010. |
|
| 300 | _a1 online resource (246 pages) | ||
| 336 |
_atext _btxt _2rdacontent |
||
| 337 |
_acomputer _bc _2rdamedia |
||
| 338 |
_aonline resource _bcr _2rdacarrier |
||
| 650 | 0 |
_aCommunication _xPhilosophy. |
|
| 650 | 0 | _aHuman beings. | |
| 650 | 0 | _aWord (Linguistics) | |
| 655 | 0 | _aElectronic books. | |
| 791 | 2 |
_aDigitalia (Firm), _edistributor. |
|
| 793 | 0 |
_gDigitalia eBook Collection: _aEditorial Oveja Negra. |
|
| 856 | 4 | 0 |
_3Digitalia Hispánica _uhttps://www.digitaliapublishing.com/a/20948/ |
| 910 | _aPremium Collection: 2007-2012 | ||
| 942 | _cRAA | ||
| 999 |
_c237205 _d237205 |
||